Lo que se comenta y aumenta / (Record no. 130554)

MARC details
000 -LEADER
campo de control de longitud fija 00617nam a2200217 i 4500
001 - NÚMERO DE CONTROL
campo de control 130554
003 - IDENTIFICADOR DE NÚMERO DE CONTROL
campo de control ES-MaACL
005 - FECHA Y HORA DE LA ÚLTIMA TRANSACCIÓN
campo de control 20230906193754.0
007 - CAMPO FIJO DE DESCRIPCIÓN FÍSICA--INFORMACIÓN GENERAL
campo de control de longitud fija t|
008 - DATOS DE LONGITUD FIJA--INFORMACIÓN GENERAL
campo de control de longitud fija 070731s1957 sp ||||1| spa d
100 1# - ENTRADA PRINCIPAL--NOMBRE DE PERSONA
Nombre de persona Zarco Avellaneda, José.
9 (RLIN) 118062
245 10 - MENCIÓN DEL TÍTULO
Título Lo que se comenta y aumenta /
Mención de responsabilidad, etc. José Zarco Avellaneda.
260 ## - PUBLICACIÓN, DISTRIBUCIÓN, ETC.
Lugar de publicación, distribución, etc. [Cartagena] :
Nombre del editor, distribuidor, etc. Baladre,
Fecha de publicación, distribución, etc. 1957.
300 ## - DESCRIPCIÓN FÍSICA
Extensión 337 p. ;
Dimensiones 21 cm.
490 1# - MENCIÓN DE SERIE
Mención de serie Torreciega ;
Designación de volumen o secuencia 4
650 17 - PUNTO DE ACCESO ADICIONAL DE MATERIA--TÉRMINO DE MATERIA
Término de materia o nombre geográfico como elemento de entrada Entrevistas
9 (RLIN) 233598
Fuente del encabezamiento o término embne
830 0# - PUNTO DE ACCESO ADICIONAL DE SERIE-TÍTULO UNIFORME
Título uniforme Torreciega ;
Designación de volumen o secuencia 4
9 (RLIN) 219470
852 ## - LOCALIZACIÓN
Ubicación ES-MaACL
Número de control de estantería C-13803
Sublocalización o colección R.41574
942 ## - ELEMENTOS DE ENTRADA SECUNDARIOS (KOHA)
Fuente del sistema de clasificación o colocación Clasificación decimal universal
Holdings
Estatus retirado Estado de pérdida Estado de daño No para préstamo Biblioteca de origen Biblioteca actual Ubicación en estantería Fecha de adquisición Fuente de adquisición Total de préstamos Signatura topográfica completa Código de barras Visto por última vez Precio de reemplazo Tipo de ítem Koha
        Biblioteca del Ateneo de Madrid Biblioteca del Ateneo de Madrid Sala Palomar 17/01/2008     C-13803 1135932 23/02/2023 23/02/2023 Libro impreso